Normal view
MARC view
- Bukhari, Tanveer
Entry Personal Name
001 - CONTROL NUMBER
- control field: 14871
003 - CONTROL NUMBER IDENTIFIER
- control field: NUST
005 - DATE AND TIME OF LATEST TRANSACTION
- control field: 20190614131712.0
008 - FIXED-LENGTH DATA ELEMENTS
- fixed length control field: 190614|| aca||aabn | a|a d
040 ## - CATALOGING SOURCE
- Original cataloging agency: NUST
- Transcribing agency: NUST
100 ## - HEADING--PERSONAL NAME
- Personal name: Bukhari, Tanveer
670 ## - SOURCE DATA FOUND
- Source citation: Work cat.: (NUST): Bukhari, Tanveer, Sohni Dhrti /, 1983.
